01652cam a22004094i 4500003000900000005001700009008004100026035001900067035001900086040003300105082001800138111006200156245005100218264006200269300002800331336002100359337002500380338002300405490006100428505057300489526001001062526001001072526000901082526000901091526000901100526000901109526000901118526000901127526000901136526000801145526000801153526000801161526000801169526000801177650003501185650002201220PE-LiUPU20250731165521.0150623s r 000 0 d a(Sirsi) a27289 a(Sirsi) a27289 aPE-LiUPUbspacPE-LiUPUerda04a221.07bJ2212 aSheffield Colloquiumn2do.d1995cUniversity of Sheffield14aThe Bible in ethics.n207 /cJohn W. Rogerson. 1aSheffield, Inglaterra :bSheffield Academic Press,c1995. a379 páginas ;c24 cm. atext2rdacontent aunmediated2rdamedia avolume2rdacarrier0 aJournal for the Study of the Old Testament Series ;v2070 aDiscourse ethics and biblical ethics. From law to virtue and back again: on veritatis splendor. Ideology, theology and sociology: from kautsky to meeks. Reading for life: the use of the Bible in ethics and the work of Martha C. Nussbaum. Thics as deconstruction, and, the thics of deconstruction. Theological education as a theory-praxis loop: situating the book of joshua in a cultural, social ethical, and theological matrix. Divine character and the formation of moral community in the book of exodus. Nationalism and the Hebrew Bible. Ethics and the Old Testament. aSEG44 aSEG26 aP151 aP150 aP149 aP146 aP145 aP126 aP125 aP92 aP75 aP74 aP27 aP1504aEtica en la BibliaxCongresos.04aEticaxCongresos.